00516nam a2200193 a 4500001001300000003000900013005001700022008004100039020002200080082001900102100001900121245004300140260003700183300000900220500003500229505001700264650002200281650001900303nice12345678IN_TiNIC20260116013252.0050524s1996 enga grp 000 0 eng  a8171097 c8500a266.00954bMAT aMattam, Joseph aMission and Conversionb a Reappraisal aEngland bSt. Pauls Pubs. c1996 a234p aincludes index and biblioraphy2 aBibliography aEvangelistic Work aMissions-India